Pays ayant envoyé quelqu'un à la Station MIR - Statistiques

Statistiques générales
  • Ce quiz a été pris 20 fois
  • Le résultat moyen est 9 sur 13
Statistiques - réponses
rang pays nombre % Correct
1 Etats-Unis 45
100%
4 France 06
100%
6 Japon 01
100%
5 Allemagne 04
94%
6 Canada 01
94%
3 Russie 17
94%
6 Royaume Uni 01
89%
2 URSS 24
83%
6 Autriche 01
50%
6 Bulgarie 01
22%
6 Slovaquie 01
22%
6 Afghanistan 01
6%
6 Syrie 01
6%
Aucun quiz correspondant
Distribution des résultats
% des personnes avec chaque résultat
Percentile par nombre de réponses
Votre historique - résultats
Vous n’avez pas pris ce quiz